Tertiarisation and globalisation of productive systems: comparative analysis

Gespeichert in:
Bibliographische Detailangaben
1. Verfasser: Melikhova, Yulia
Weitere Verfasser: Camacho, José Antonio, Holubcová, Ivana, 1982-
Format: Buchkapitel
Sprache:Englisch
Schlagworte:
Tags: Tag hinzufügen
Keine Tags, Fügen Sie das erste Tag hinzu!

MARC

LEADER 00000naa$a2200000$$$4500
001 0169858
005 20240502072937.7
041 0 |a eng 
044 |a SK 
245 1 0 |a Tertiarisation and globalisation of productive systems: comparative analysis  |c Yulia Melikhova, José Antonio Camacho, Ivana Holubcová 
610 2 0 |a služby 
610 2 0 |a regióny 
610 2 0 |a porovnanie medzinárodné 
610 2 0 |a analýza komparatívna 
610 2 0 |a Španielsko 
610 2 0 |a Slovensko 
100 1 |a Melikhova, Yulia 
700 1 |a Camacho, José Antonio 
700 1 |a Holubcová, Ivana, 1982-